[Event "African Games-chT 2019"]
[Site "Casablanca"]
[Date "2019.08.25"]
[Round "6.21"]
[White "Chumfwa, Stanley"]
[Black "Mwale, Joseph"]
[Result "0-1"]
[WhiteElo "2317"]
[BlackElo "2231"]
[Annotator "NA"]
[PlyCount "130"]
[EventDate "2019.08.24"]
[EventType "team-tourn"]
[EventCountry "MAR"]
[SourceTitle "playchess.com"]
[Source "ChessBase"]
[SourceQuality "1"]
[WhiteTeam "Zambia"]
[BlackTeam "MAW"]
[WhiteTeamCountry "ZAM"]
[TimeControl "900+10"]

1. Nf3 {[%emt 0:00:00]} Nf6 {[%emt 0:00:00]} 2. d4 {[%emt 0:00:00]} e6 {[%emt 0:00:00]} 3. c4 {[%emt 0:00:00]} d5 {[%emt 0:00:00]} 4. Nc3 {[%emt 0:00:00]} Be7 {[%emt 0:00:00]} 5. Bg5 {[%emt 0:00:01]} h6 {[%emt 0:00:06]} 6. Bxf6 {[%emt 0:00:08]} Bxf6 {[%emt 0:00:01]} 7. e3 {[%emt 0:00:01]} O-O {[%emt 0:00:08]} 8. Rc1 {[%emt 0:00:00]} c5 {[%emt 0:00:12]} 9. cxd5 {[%emt 0:01:12]} cxd4 {[%emt 0:00:04]} 10. Nxd4 {[%emt 0:00:04]} exd5 {[%emt 0:00:05]} 11. Be2 {[%emt 0:00:02]} Nc6 {[%emt 0:00:13]} 12. Nxc6 {[%emt 0:00:52]} bxc6 {[%emt 0:00:02]} 13. O-O {[%emt 0:00:01]} Be6 {[%emt 0:00:48]} 14. Na4 {[%emt 0:00:10]} Qd6 {[%emt 0:00:34]} 15. b3 {[%emt 0:00:10]} Be5 {[%emt 0:00:15]} 16. g3 {[%emt 0:00:14]} Bh3 {[%emt 0:00:09]} 17. Re1 {[%emt 0:00:04]} d4 {[%emt 0:00:54]} 18. exd4 {[%emt 0:00:50]} Bxd4 {[%emt 0:00:11]} 19. Bg4 {[%emt 0:01:00]} Bxg4 {[%emt 0:00:20]} 20. Qxg4 {[%emt 0:00:01]} c5 {[%emt 0:01:14]} 21. Qf3 {[%emt 0:00:50]} Rae8 {[%emt 0:00:50]} 22. Kg2 {[%emt 0:02:03]} Re6 {[%emt 0:00:19]} 23. Qd3 {[%emt 0:01:26]} Rfe8 {[%emt 0:00:47]} 24. Rxe6 {[%emt 0:00:33]} Rxe6 {[%emt 0:00:08]} 25. Rc2 {[%emt 0:00:21]} Re1 {[%emt 0:01:47]} 26. Qf3 {[%emt 0:02:26]} Qg6 {[%emt 0:01:47]} 27. Re2 {[%emt 0:00:40]} Qb1 {[%emt 0:01:05]} 28. Rxe1 {[%emt 0:01:10]} Qxe1 {[%emt 0:00:01]} 29. h3 {[%emt 0:00:26]} g6 {[%emt 0:00:16]} 30. h4 {[%emt 0:00:08]} h5 {[%emt 0:00:05]} 31. Qf4 {[%emt 0:00:33]} Qe2 {[%emt 0:00:22]} 32. b4 {[%emt 0:00:17]} Qxa2 {[%emt 0:01:01]} 33. Nxc5 {[%emt 0:00:10]} Bxc5 {[%emt 0:00:03]} 34. bxc5 {[%emt 0:00:08]} Qd5+ {[%emt 0:00:02]} 35. f3 {[%emt 0:00:19]} Qxc5 {[%emt 0:00:02]} 36. g4 {[%emt 0:00:13]} hxg4 {[%emt 0:00:02]} 37. fxg4 {[%emt 0:00:11]} a5 {[%emt 0:00:11]} 38. Qa4 {[%emt 0:01:45]} Qd5+ {[%emt 0:00:42]} 39. Kg3 {[%emt 0:00:11]} Qd3+ {[%emt 0:00:12]} 40. Kg2 {[%emt 0:00:18]} Qd2+ {[%emt 0:00:11]} 41. Kg3 {[%emt 0:00:07]} Qc3+ {[%emt 0:00:04]} 42. Kg2 {[%emt 0:00:05]} Kg7 {[%emt 0:00:03]} 43. g5 {[%emt 0:00:32]} Kh7 {[%emt 0:01:02]} 44. Qa2 {[%emt 0:01:36]} Kg8 {[%emt 0:00:47]} 45. Qa4 {[%emt 0:00:26]} Qd2+ {[%emt 0:00:29]} 46. Kg3 {[%emt 0:00:06]} Kh7 {[%emt 0:00:25]} 47. Qc4 {[%emt 0:00:16]} Qe1+ {[%emt 0:00:11]} 48. Kg2 {[%emt 0:00:11]} Qe6 {[%emt 0:00:09]} 49. Qa4 {[%emt 0:00:07]} Qd5+ {[%emt 0:00:21]} 50. Kg3 {[%emt 0:00:02]} Qd3+ {[%emt 0:00:08]} 51. Kg2 {[%emt 0:00:05]} Qd5+ {[%emt 0:00:09]} 52. Kh3 {[%emt 0:00:05]} Qe5 {[%emt 0:01:05]} 53. Kg2 {[%emt 0:00:23]} Qf5 {[%emt 0:00:21]} 54. Kg3 {[%emt 0:00:09]} Qc5 {[%emt 0:00:09]} 55. Qa2 {[%emt 0:00:15]} Qg1+ {[%emt 0:00:46]} 56. Kf3 {[%emt 0:00:21]} Qf1+ {[%emt 0:00:23]} 57. Kg3 {[%emt 0:00:02]} Qe1+ {[%emt 0:00:03]} 58. Kf3 {[%emt 0:00:13]} Kg8 {[%emt 0:00:07]} 59. Qa4 {[%emt 0:00:19]} Kf8 {[%emt 0:00:34]} 60. Qd4 {[%emt 0:00:06]} Kg8 {[%emt 0:01:08]} 61. Qa4 {[%emt 0:00:02]} Qb4 {[%emt 0:00:12]} 62. Qe8+ {[%emt 0:00:04]} Kg7 {[%emt 0:00:02]} 63. Qe5+ {[%emt 0:00:02]} Kh7 {[%emt 0:00:01]} 64. Qe8 {[%emt 0:00:20]} Qb3+ {[%emt 0:00:06]} 65. Kg4 {[%emt 0:00:10]} Qe6+ {[%emt 0:00:02]} 0-1

[Event "African Games-chT 2019"]
[Site "Casablanca"]
[Date "2019.08.25"]
[Round "6.22"]
[White "Mphungu, Gerrard"]
[Black "Kayonde, Andrew"]
[Result "0-1"]
[WhiteElo "2107"]
[BlackElo "2384"]
[Annotator "ChessBase"]
[PlyCount "40"]
[EventDate "2019.08.24"]
[EventType "team-tourn"]
[EventCountry "MAR"]
[SourceTitle "playchess.com"]
[Source "ChessBase"]
[SourceQuality "1"]
[WhiteTeam "MAW"]
[BlackTeam "Zambia"]
[BlackTeamCountry "ZAM"]
[TimeControl "900+10"]

1. d4 {[%emt 0:00:00]} d5 {[%emt 0:00:00]} 2. c4 {[%emt 0:00:00]} c6 {[%emt 0:00:00]} 3. Nf3 {[%emt 0:00:00]} Nf6 {[%emt 0:00:00]} 4. Nc3 {[%emt 0:00:00]} e6 {[%emt 0:00:03]} 5. Bg5 {[%emt 0:00:00]} dxc4 {[%emt 0:00:03]} 6. e4 {[%emt 0:00:13]} b5 {[%emt 0:00:04]} 7. e5 {[%emt 0:00:04]} h6 {[%emt 0:00:02]} 8. Bh4 {[%emt 0:00:00]} g5 {[%emt 0:00:01]} 9. Nxg5 {[%emt 0:00:01]} hxg5 {[%emt 0:00:03]} 10. Bxg5 {[%emt 0:00:01]} Nbd7 {[%emt 0:00:02]} 11. exf6 {[%emt 0:00:12]} Bb7 {[%emt 0:00:03]} 12. g3 {[%emt 0:04:58]} Qb6 {[%emt 0:00:53]} 13. Bg2 {[%emt 0:00:40]} O-O-O {[%emt 0:00:09]} 14. O-O {[%emt 0:01:58]} c5 {[%emt 0:00:07]} 15. d5 {[%emt 0:00:36]} b4 {[%emt 0:00:05]} 16. Rb1 {[%emt 0:00:36]} Qa6 {[%emt 0:00:26]} 17. dxe6 Bxg2 {[%emt 0:00:06]} 18. Kxg2 {[%emt 0:06:17]} Qxe6 {[%emt 0:00:05]} 19. Qd5 {[%emt 0:02:11]} bxc3 {[%emt 0:00:24]} 20. Qa8+ {[%emt 0:00:09]} Nb8 {[%emt 0:00:03]} 0-1

[Event "African Games-chT 2019"]
[Site "Casablanca"]
[Date "2019.08.25"]
[Round "6.23"]
[White "Mwango, Lorita"]
[Black "Nkhoma, Desiderata"]
[Result "1-0"]
[WhiteElo "1947"]
[BlackElo "1481"]
[Annotator "NA"]
[PlyCount "66"]
[EventDate "2019.08.24"]
[EventType "team-tourn"]
[EventCountry "MAR"]
[SourceTitle "playchess.com"]
[Source "ChessBase"]
[SourceQuality "1"]
[WhiteTeam "Zambia"]
[BlackTeam "MAW"]
[WhiteTeamCountry "ZAM"]
[TimeControl "900+10"]

1. d4 {[%emt 0:00:00]} d5 {[%emt 0:00:08]} 2. Nf3 {[%emt 0:00:00]} Nf6 {[%emt 0:00:02]} 3. Bf4 {[%emt 0:00:00]} g6 {[%emt 0:00:01]} 4. e3 {[%emt 0:00:01]} Bg7 {[%emt 0:00:02]} 5. Be2 {[%emt 0:00:10]} O-O {[%emt 0:00:02]} 6. h3 {[%emt 0:00:04]} Nc6 {[%emt 0:00:22]} 7. O-O {[%emt 0:00:04]} Re8 {[%emt 0:00:10]} 8. Nc3 {[%emt 0:00:21]} Nh5 {[%emt 0:00:49]} 9. Bh2 {[%emt 0:00:10]} Nf6 {[%emt 0:00:49]} 10. Nb5 {[%emt 0:00:29]} e5 {[%emt 0:03:00]} 11. dxe5 {[%emt 0:00:17]} Ne4 {[%emt 0:00:54]} 12. e6 {[%emt 0:05:13]} Nd6 {[%emt 0:03:10]} 13. exf7+ {[%emt 0:00:51]} Kxf7 {[%emt 0:00:09]} 14. Nxd6+ {[%emt 0:00:12]} cxd6 {[%emt 0:00:49]} 15. Qxd5+ {[%emt 0:00:11]} Kf8 {[%emt 0:03:11]} 16. Bxd6+ {[%emt 0:02:17]} Re7 {[%emt 0:03:09]} 17. Bc4 {[%emt 0:03:27]} Ke8 {[%emt 0:00:46]} 18. Ng5 {[%emt 0:01:26]} Qd7 {[%emt 0:00:16]} 19. Qg8+ {[%emt 0:00:36]} Bf8 {[%emt 0:00:01]} 20. Rad1 {[%emt 0:00:19]} Ne5 {[%emt 0:00:15]} 21. Bxe5 {[%emt 0:00:32]} Qf5 {[%emt 0:00:11]} 22. Bf4 {[%emt 0:01:14]} Bd7 {[%emt 0:00:09]} 23. Nxh7 {[%emt 0:00:14]} Rd8 {[%emt 0:00:13]} 24. Nxf8 {[%emt 0:00:12]} Qxf8 {[%emt 0:00:03]} 25. Qxg6+ {[%emt 0:00:15]} Rf7 {[%emt 0:00:01]} 26. Bxf7+ {[%emt 0:00:14]} Qxf7 {[%emt 0:00:08]} 27. Qxf7+ {[%emt 0:00:02]} Kxf7 {[%emt 0:00:01]} 28. Rd6 {[%emt 0:00:10]} b5 {[%emt 0:00:06]} 29. Rfd1 {[%emt 0:00:01]} Ke7 {[%emt 0:00:10]} 30. Bg5+ {[%emt 0:00:05]} Ke8 {[%emt 0:00:01]} 31. Bxd8 {[%emt 0:00:01]} Bc8 {[%emt 0:00:24]} 32. Ba5 {[%emt 0:00:06]} Bf5 {[%emt 0:00:29]} 33. e4 {[%emt 0:00:03]} Bc8 1-0

[Event "African Games-chT 2019"]
[Site "Casablanca"]
[Date "2019.08.25"]
[Round "6.24"]
[White "Msukwa, Tupokiwe"]
[Black "Mululu Linah"]
[Result "0-1"]
[WhiteElo "1289"]
[BlackElo "1633"]
[Annotator "NA"]
[PlyCount "68"]
[EventDate "2019.08.24"]
[EventType "team-tourn"]
[EventCountry "MAR"]
[SourceTitle "playchess.com"]
[Source "ChessBase"]
[SourceQuality "1"]
[WhiteTeam "MAW"]
[BlackTeam "Zambia"]
[BlackTeamCountry "ZAM"]
[TimeControl "900+10"]

1. d4 {[%emt 0:00:00]} d5 {[%emt 0:00:00]} 2. c4 {[%emt 0:00:00]} e6 {[%emt 0:00:00]} 3. Nc3 {[%emt 0:00:00]} Nf6 {[%emt 0:00:00]} 4. Nf3 {[%emt 0:00:00]} Nbd7 {[%emt 0:00:00]} 5. a3 {[%emt 0:00:01]} c6 {[%emt 0:00:01]} 6. c5 {[%emt 0:00:10]} b6 {[%emt 0:00:11]} 7. b4 {[%emt 0:00:02]} Be7 {[%emt 0:00:08]} 8. e3 {[%emt 0:00:07]} O-O {[%emt 0:00:08]} 9. Bd3 {[%emt 0:00:11]} a5 {[%emt 0:00:09]} 10. Bb2 {[%emt 0:00:02]} h6 {[%emt 0:00:11]} 11. h3 {[%emt 0:00:14]} axb4 {[%emt 0:00:01]} 12. axb4 {[%emt 0:00:02]} Bb7 {[%emt 0:00:02]} 13. O-O {[%emt 0:00:03]} bxc5 {[%emt 0:00:04]} 14. bxc5 {[%emt 0:00:04]} Qc7 {[%emt 0:00:07]} 15. Qc2 {[%emt 0:00:14]} Rfb8 {[%emt 0:00:11]} 16. Rxa8 {[%emt 0:00:19]} Rxa8 {[%emt 0:00:01]} 17. Ra1 {[%emt 0:00:02]} Rxa1+ {[%emt 0:00:04]} 18. Bxa1 {[%emt 0:00:02]} Qa5 {[%emt 0:00:19]} 19. Qb2 {[%emt 0:00:37]} Ba6 {[%emt 0:00:06]} 20. Bxa6 {[%emt 0:00:11]} Qxa6 {[%emt 0:00:01]} 21. Na2 {[%emt 0:01:27]} Ne4 {[%emt 0:00:12]} 22. Nb4 {[%emt 0:00:28]} Qb5 {[%emt 0:00:11]} 23. Nxd5 {[%emt 0:00:13]} exd5 {[%emt 0:00:10]} 24. Nd2 {[%emt 0:00:43]} Nxd2 {[%emt 0:00:09]} 25. Qxd2 {[%emt 0:00:03]} Qb1+ {[%emt 0:00:03]} 26. Kh2 {[%emt 0:00:11]} Qxa1 {[%emt 0:00:01]} 27. Qd3 {[%emt 0:00:32]} Qe1 {[%emt 0:00:43]} 28. Qf5 {[%emt 0:00:24]} Nf6 {[%emt 0:00:41]} 29. Qc8+ {[%emt 0:00:41]} Kh7 {[%emt 0:00:01]} 30. Kg3 {[%emt 0:01:30]} Ne4+ {[%emt 0:00:08]} 31. Kh2 {[%emt 0:00:16]} Qxf2 {[%emt 0:00:05]} 32. Qxc6 {[%emt 0:00:05]} Bh4 {[%emt 0:00:19]} 33. Qxd5 {[%emt 0:00:37]} Bg3+ {[%emt 0:00:03]} 34. Kh1 {[%emt 0:00:04]} Qf1# {[%emt 0:00:02]} 0-1

[Event "African Games-chT 2019"]
[Site "Casablanca"]
[Date "2019.08.25"]
[Round "6.26"]
[White "Espirito Santo, Waldyr"]
[Black "Traore, Bakary"]
[Result "1-0"]
[WhiteElo "1923"]
[BlackElo "2189"]
[Annotator "NA"]
[PlyCount "105"]
[EventDate "2019.08.24"]
[EventType "team-tourn"]
[EventCountry "MAR"]
[SourceTitle "playchess.com"]
[Source "ChessBase"]
[SourceQuality "1"]
[WhiteTeam "STP"]
[BlackTeam "Mali"]
[BlackTeamCountry "MLI"]
[TimeControl "900+10"]

1. e4 {[%emt 0:00:00]} e5 {[%emt 0:00:00]} 2. Nf3 {[%emt 0:00:02]} Nf6 {[%emt 0:00:00]} 3. Nc3 {[%emt 0:00:05]} Nc6 {[%emt 0:00:00]} 4. Be2 {[%emt 0:00:24]} Bb4 {[%emt 0:00:06]} 5. d3 {[%emt 0:00:02]} O-O {[%emt 0:00:13]} 6. O-O {[%emt 0:00:02]} d5 {[%emt 0:00:04]} 7. exd5 {[%emt 0:00:23]} Nxd5 {[%emt 0:00:03]} 8. Bg5 {[%emt 0:00:39]} f6 {[%emt 0:00:10]} 9. Bd2 {[%emt 0:00:11]} Nxc3 {[%emt 0:00:10]} 10. bxc3 {[%emt 0:00:09]} Bc5 {[%emt 0:00:02]} 11. Ne1 {[%emt 0:00:30]} Be6 {[%emt 0:00:15]} 12. Be3 {[%emt 0:00:17]} Bb6 {[%emt 0:00:08]} 13. Qd2 {[%emt 0:00:43]} f5 {[%emt 0:00:09]} 14. f4 {[%emt 0:00:56]} Qd6 {[%emt 0:03:05]} 15. Bxb6 {[%emt 0:01:10]} axb6 {[%emt 0:00:03]} 16. a4 {[%emt 0:00:29]} Rae8 {[%emt 0:00:23]} 17. fxe5 {[%emt 0:00:45]} Qxe5 {[%emt 0:00:30]} 18. Nf3 {[%emt 0:00:17]} Qd6 {[%emt 0:00:13]} 19. d4 {[%emt 0:01:14]} Bd5 {[%emt 0:00:13]} 20. Bb5 {[%emt 0:00:27]} Bxf3 {[%emt 0:02:22]} 21. Rxf3 {[%emt 0:00:31]} Re7 {[%emt 0:00:17]} 22. Qf2 {[%emt 0:00:26]} Qd5 {[%emt 0:01:34]} 23. Rf1 {[%emt 0:00:17]} g6 {[%emt 0:00:23]} 24. Qh4 {[%emt 0:00:46]} Qd6 {[%emt 0:01:40]} 25. Bc4+ {[%emt 0:00:26]} Kh8 {[%emt 0:00:32]} 26. Qh6 {[%emt 0:00:28]} Rfe8 {[%emt 0:00:46]} 27. Rf4 {[%emt 0:03:31]} Re1 {[%emt 0:00:45]} 28. h4 {[%emt 0:01:15]} Rxf1+ {[%emt 0:00:20]} 29. Bxf1 {[%emt 0:00:33]} Qf8 {[%emt 0:00:14]} 30. Qg5 {[%emt 0:00:12]} Qe7 {[%emt 0:00:02]} 31. Qh6 {[%emt 0:00:54]} Qg7 {[%emt 0:00:05]} 32. Qg5 Qe7 {[%emt 0:00:25]} 33. Qh6 {[%emt 0:00:16]} Nd8 {[%emt 0:00:16]} 34. Bc4 {[%emt 0:01:07]} Nf7 {[%emt 0:02:25]} 35. Bxf7 {[%emt 0:00:05]} Qxf7 {[%emt 0:00:01]} 36. Qg5 {[%emt 0:00:44]} Qe7 {[%emt 0:00:54]} 37. Qxe7 {[%emt 0:00:25]} Rxe7 {[%emt 0:00:02]} 38. Kf2 {[%emt 0:00:14]} Kg7 {[%emt 0:00:01]} 39. c4 {[%emt 0:00:17]} Re8 {[%emt 0:00:13]} 40. c5 {[%emt 0:00:12]} bxc5 {[%emt 0:00:05]} 41. dxc5 {[%emt 0:00:02]} Re5 {[%emt 0:00:05]} 42. Rc4 {[%emt 0:00:04]} Kf6 {[%emt 0:00:03]} 43. a5 {[%emt 0:00:12]} Re4 {[%emt 0:00:04]} 44. Rxe4 {[%emt 0:00:09]} fxe4 45. c6 bxc6 {[%emt 0:00:55]} 46. a6 {[%emt 0:00:11]} Kf5 {[%emt 0:00:01]} 47. a7 {[%emt 0:00:01]} Kg4 {[%emt 0:00:01]} 48. g3 {[%emt 0:00:07]} e3+ {[%emt 0:00:01]} 49. Kxe3 {[%emt 0:00:03]} Kxg3 {[%emt 0:00:01]} 50. a8=Q {[%emt 0:00:06]} Kxh4 {[%emt 0:00:01]} 51. Qf8 {[%emt 0:00:06]} h5 {[%emt 0:00:02]} 52. Qf2+ {[%emt 0:00:09]} Kh3 {[%emt 0:00:02]} 53. Kf3 {[%emt 0:00:06]} 1-0

[Event "African Games-chT 2019"]
[Site "Casablanca"]
[Date "2019.08.25"]
[Round "6.29"]
[White "Amba, Oyon Marius Claude"]
[Black "Beukes, Dante M"]
[Result "0-1"]
[WhiteElo "1911"]
[BlackElo "2130"]
[Annotator "NA"]
[PlyCount "54"]
[EventDate "2019.08.24"]
[EventType "team-tourn"]
[EventCountry "MAR"]
[SourceTitle "playchess.com"]
[Source "ChessBase"]
[SourceQuality "1"]
[WhiteTeam "CMR"]
[BlackTeam "Namibia"]
[BlackTeamCountry "NAM"]
[TimeControl "900+10"]

1. e4 {[%emt 0:00:00]} c5 {[%emt 0:00:05]} 2. Nf3 {[%emt 0:00:00]} Nc6 {[%emt 0:00:02]} 3. d4 {[%emt 0:00:00]} cxd4 {[%emt 0:00:02]} 4. Nxd4 {[%emt 0:00:00]} g6 {[%emt 0:00:17]} 5. Bc4 {[%emt 0:00:38]} Qa5+ {[%emt 0:00:03]} 6. c3 {[%emt 0:00:47]} Bg7 {[%emt 0:00:02]} 7. O-O {[%emt 0:00:08]} Nf6 {[%emt 0:00:05]} 8. Nd2 {[%emt 0:00:27]} O-O {[%emt 0:00:22]} 9. Kh1 {[%emt 0:00:17]} d5 {[%emt 0:00:22]} 10. exd5 {[%emt 0:00:11]} Nxd5 {[%emt 0:00:16]} 11. N2b3 {[%emt 0:00:04]} Qd8 {[%emt 0:00:08]} 12. Qf3 {[%emt 0:00:31]} Nb6 {[%emt 0:02:06]} 13. Nxc6 {[%emt 0:00:51]} bxc6 {[%emt 0:00:03]} 14. Rd1 {[%emt 0:01:18]} Qc7 {[%emt 0:00:27]} 15. Bf4 {[%emt 0:00:11]} e5 {[%emt 0:00:13]} 16. Bxe5 {[%emt 0:01:58]} Bxe5 {[%emt 0:00:14]} 17. Bd3 {[%emt 0:00:13]} Na4 {[%emt 0:03:32]} 18. Rab1 {[%emt 0:00:31]} Be6 {[%emt 0:00:07]} 19. Be4 {[%emt 0:00:11]} Rac8 {[%emt 0:00:24]} 20. Nd4 {[%emt 0:00:10]} Nc5 {[%emt 0:00:56]} 21. Bxc6 {[%emt 0:02:02]} Bxd4 {[%emt 0:00:17]} 22. cxd4 {[%emt 0:00:14]} Qxc6 {[%emt 0:00:02]} 23. d5 {[%emt 0:00:59]} Qa8 {[%emt 0:00:36]} 24. b4 {[%emt 0:00:20]} Na4 {[%emt 0:00:20]} 25. dxe6 {[%emt 0:00:06]} Qxf3 {[%emt 0:00:01]} 26. gxf3 {[%emt 0:00:03]} Nc3 {[%emt 0:00:47]} 27. exf7+ {[%emt 0:00:02]} Kg7 0-1

[Event "African Games-chT 2019"]
[Site "Casablanca"]
[Date "2019.08.25"]
[Round "6.30"]
[White "Eichab, Charles"]
[Black "Ebosse, Kingue Victor Patric"]
[Result "1-0"]
[WhiteElo "2016"]
[BlackElo "2055"]
[Annotator "NA"]
[PlyCount "109"]
[EventDate "2019.08.24"]
[EventType "team-tourn"]
[EventCountry "MAR"]
[SourceTitle "playchess.com"]
[Source "ChessBase"]
[SourceQuality "1"]
[WhiteTeam "Namibia"]
[BlackTeam "CMR"]
[WhiteTeamCountry "NAM"]
[TimeControl "900+10"]

1. c4 {[%emt 0:00:00]} Nf6 {[%emt 0:00:00]} 2. g3 {[%emt 0:00:00]} g6 {[%emt 0:00:00]} 3. Bg2 {[%emt 0:00:00]} Bg7 {[%emt 0:00:00]} 4. Nc3 {[%emt 0:00:04]} O-O {[%emt 0:00:00]} 5. Nf3 {[%emt 0:00:03]} d6 {[%emt 0:00:00]} 6. O-O {[%emt 0:00:06]} Nc6 {[%emt 0:00:00]} 7. d3 {[%emt 0:00:02]} e5 {[%emt 0:00:03]} 8. Rb1 {[%emt 0:00:04]} a5 {[%emt 0:00:01]} 9. a3 {[%emt 0:00:18]} d5 {[%emt 0:00:23]} 10. cxd5 {[%emt 0:00:32]} Nxd5 {[%emt 0:00:03]} 11. Nxd5 {[%emt 0:00:02]} Qxd5 {[%emt 0:00:01]} 12. Be3 {[%emt 0:00:01]} a4 {[%emt 0:00:17]} 13. Nd4 {[%emt 0:00:28]} Qd6 {[%emt 0:00:33]} 14. Nxc6 {[%emt 0:00:06]} bxc6 {[%emt 0:00:01]} 15. Qc2 {[%emt 0:00:13]} Rd8 {[%emt 0:01:09]} 16. Bxc6 {[%emt 0:01:36]} Ra6 {[%emt 0:00:33]} 17. Rfc1 {[%emt 0:00:20]} h5 {[%emt 0:02:08]} 18. Bxa4 {[%emt 0:01:55]} Bh3 {[%emt 0:00:02]} 19. Bc6 {[%emt 0:00:09]} h4 {[%emt 0:01:07]} 20. Qc4 {[%emt 0:01:07]} Bc8 {[%emt 0:03:58]} 21. a4 {[%emt 0:01:51]} hxg3 {[%emt 0:00:13]} 22. hxg3 {[%emt 0:00:27]} Qf6 {[%emt 0:02:00]} 23. Bb5 {[%emt 0:01:29]} Rad6 {[%emt 0:02:04]} 24. Qxc7 {[%emt 0:00:38]} e4 {[%emt 0:00:11]} 25. dxe4 {[%emt 0:02:32]} Bh3 {[%emt 0:01:56]} 26. Rc6 {[%emt 0:01:17]} Qe5 {[%emt 0:00:45]} 27. Bd3 {[%emt 0:01:40]} R8d7 {[%emt 0:01:23]} 28. Qc8+ {[%emt 0:00:25]} Rd8 {[%emt 0:00:00]} 29. Qc7 {[%emt 0:01:02]} R8d7 {[%emt 0:00:04]} 30. Qb6 {[%emt 0:00:11]} Re6 {[%emt 0:00:30]} 31. Rxe6 {[%emt 0:00:41]} Bxe6 {[%emt 0:00:02]} 32. Kg2 {[%emt 0:00:27]} Bf6 {[%emt 0:00:24]} 33. Bf4 {[%emt 0:00:12]} Qd4 {[%emt 0:00:20]} 34. Qxd4 {[%emt 0:00:13]} Bxd4 {[%emt 0:00:01]} 35. b4 {[%emt 0:00:11]} Ra7 {[%emt 0:00:04]} 36. a5 {[%emt 0:00:05]} Bd7 {[%emt 0:00:05]} 37. a6 {[%emt 0:00:06]} Ra8 {[%emt 0:00:23]} 38. b5 {[%emt 0:00:07]} Bb6 {[%emt 0:00:02]} 39. Be5 {[%emt 0:00:35]} Kf8 {[%emt 0:00:03]} 40. Bf6 {[%emt 0:00:06]} Ke8 {[%emt 0:00:03]} 41. Rb2 {[%emt 0:00:10]} Be6 {[%emt 0:00:06]} 42. f4 {[%emt 0:00:05]} Kd7 {[%emt 0:00:04]} 43. Kf3 {[%emt 0:00:04]} Rc8 {[%emt 0:00:19]} 44. g4 {[%emt 0:00:03]} Ke8 {[%emt 0:00:44]} 45. f5 {[%emt 0:00:14]} gxf5 {[%emt 0:00:01]} 46. gxf5 {[%emt 0:00:05]} Bd7 {[%emt 0:00:16]} 47. e3 {[%emt 0:00:01]} Rc1 {[%emt 0:00:06]} 48. Bd4 {[%emt 0:00:18]} Bxd4 {[%emt 0:00:18]} 49. exd4 {[%emt 0:00:02]} Bc8 {[%emt 0:00:04]} 50. Rc2 {[%emt 0:00:36]} Rxc2 51. Bxc2 {[%emt 0:00:01]} Kd8 {[%emt 0:00:02]} 52. Bd3 {[%emt 0:00:01]} Kc7 {[%emt 0:00:00]} 53. Kf4 {[%emt 0:00:01]} f6 {[%emt 0:00:02]} 54. e5 {[%emt 0:00:02]} Bd7 {[%emt 0:00:37]} 55. Bc4 {[%emt 0:00:28]} 1-0

[Event "African Games-chT 2019"]
[Site "Casablanca"]
[Date "2019.08.25"]
[Round "6.31"]
[White "Magne, Kouokam Sylviane"]
[Black "Tjaronda, Nicola"]
[Result "1/2-1/2"]
[WhiteElo "1317"]
[BlackElo "1545"]
[Annotator "NA"]
[PlyCount "133"]
[EventDate "2019.08.24"]
[EventType "team-tourn"]
[EventCountry "MAR"]
[SourceTitle "playchess.com"]
[Source "ChessBase"]
[SourceQuality "1"]
[WhiteTeam "CMR"]
[BlackTeam "Namibia"]
[BlackTeamCountry "NAM"]
[TimeControl "900+10"]

1. d4 {[%emt 0:00:00]} d6 {[%emt 0:00:00]} 2. Nf3 {[%emt 0:00:00]} g6 {[%emt 0:00:00]} 3. Nc3 {[%emt 0:00:00]} Bg7 {[%emt 0:00:00]} 4. e4 {[%emt 0:00:04]} Nf6 {[%emt 0:00:00]} 5. Be2 {[%emt 0:00:05]} O-O {[%emt 0:00:04]} 6. Bf4 {[%emt 0:00:12]} Re8 {[%emt 0:00:14]} 7. e5 {[%emt 0:00:08]} dxe5 {[%emt 0:00:11]} 8. Nxe5 {[%emt 0:00:02]} Nd5 {[%emt 0:00:30]} 9. Nxd5 {[%emt 0:00:17]} Qxd5 {[%emt 0:00:01]} 10. Bf3 {[%emt 0:00:16]} Qa5+ {[%emt 0:00:42]} 11. Bd2 {[%emt 0:00:26]} Qb6 12. Bc3 {[%emt 0:00:14]} Nd7 {[%emt 0:00:20]} 13. Qe2 {[%emt 0:00:42]} Nxe5 {[%emt 0:00:23]} 14. dxe5 {[%emt 0:00:02]} Be6 {[%emt 0:00:09]} 15. O-O {[%emt 0:00:07]} Rad8 {[%emt 0:00:26]} 16. Rfd1 {[%emt 0:00:05]} c6 {[%emt 0:00:30]} 17. a3 {[%emt 0:00:41]} Qc7 {[%emt 0:00:49]} 18. Rd3 {[%emt 0:00:17]} Bc4 {[%emt 0:00:16]} 19. Rad1 {[%emt 0:01:00]} Bxd3 {[%emt 0:00:08]} 20. cxd3 {[%emt 0:00:04]} e6 {[%emt 0:00:47]} 21. b4 {[%emt 0:00:16]} b6 {[%emt 0:00:11]} 22. h4 {[%emt 0:00:20]} c5 {[%emt 0:01:37]} 23. h5 {[%emt 0:00:34]} cxb4 {[%emt 0:00:25]} 24. Bxb4 {[%emt 0:00:10]} Qxe5 {[%emt 0:00:11]} 25. Qxe5 {[%emt 0:00:25]} Bxe5 {[%emt 0:00:02]} 26. Bc6 {[%emt 0:00:02]} Bg7 {[%emt 0:01:35]} 27. Bxe8 Rxe8 28. hxg6 {[%emt 0:00:28]} hxg6 {[%emt 0:00:15]} 29. f3 {[%emt 0:00:25]} Rd8 {[%emt 0:00:16]} 30. Kf1 {[%emt 0:00:03]} a5 {[%emt 0:00:48]} 31. Be7 {[%emt 0:00:15]} Rd7 {[%emt 0:00:05]} 32. Bg5 {[%emt 0:00:10]} Bf8 {[%emt 0:00:12]} 33. a4 {[%emt 0:01:41]} Bc5 {[%emt 0:01:06]} 34. Bf6 {[%emt 0:00:09]} Bd4 {[%emt 0:00:17]} 35. Bh4 {[%emt 0:01:24]} Bg7 {[%emt 0:01:20]} 36. Bf2 {[%emt 0:00:12]} Bd4 {[%emt 0:00:16]} 37. Bh4 {[%emt 0:00:15]} Rc7 {[%emt 0:00:11]} 38. Bg3 {[%emt 0:01:57]} Rc2 {[%emt 0:00:47]} 39. Re1 {[%emt 0:01:06]} Ra2 {[%emt 0:00:13]} 40. Re4 {[%emt 0:00:28]} Rxa4 {[%emt 0:00:40]} 41. f4 {[%emt 0:00:12]} Ra1+ {[%emt 0:00:06]} 42. Ke2 {[%emt 0:00:01]} Bf6 {[%emt 0:00:30]} 43. Bf2 {[%emt 0:00:23]} Ra2+ {[%emt 0:00:08]} 44. Kf3 {[%emt 0:00:02]} Rb2 {[%emt 0:00:14]} 45. Rc4 {[%emt 0:00:25]} b5 {[%emt 0:00:16]} 46. Rc8+ {[%emt 0:00:21]} Kg7 {[%emt 0:00:01]} 47. g4 {[%emt 0:00:15]} a4 {[%emt 0:00:20]} 48. g5 {[%emt 0:00:08]} Rxf2+ {[%emt 0:01:14]} 49. Kxf2 {[%emt 0:00:01]} Bd4+ {[%emt 0:00:12]} 50. Ke2 {[%emt 0:00:02]} a3 {[%emt 0:00:12]} 51. Ra8 {[%emt 0:00:30]} b4 {[%emt 0:00:03]} 52. Kd1 {[%emt 0:00:01]} e5 {[%emt 0:00:32]} 53. fxe5 {[%emt 0:00:13]} Bxe5 {[%emt 0:00:01]} 54. Kc2 {[%emt 0:00:00]} f6 {[%emt 0:00:51]} 55. Ra7+ {[%emt 0:00:11]} Kf8 {[%emt 0:00:02]} 56. gxf6 {[%emt 0:00:03]} Bxf6 {[%emt 0:00:02]} 57. Kb3 {[%emt 0:00:03]} Be7 {[%emt 0:00:21]} 58. Ra6 {[%emt 0:00:11]} g5 {[%emt 0:00:02]} 59. d4 {[%emt 0:00:17]} Ke8 {[%emt 0:00:52]} 60. Ra8+ {[%emt 0:00:16]} Kd7 {[%emt 0:00:03]} 61. d5 {[%emt 0:00:05]} g4 {[%emt 0:00:25]} 62. Rg8 {[%emt 0:00:10]} Kd6 {[%emt 0:00:05]} 63. Rxg4 {[%emt 0:00:16]} Kxd5 {[%emt 0:00:01]} 64. Rg7 {[%emt 0:00:10]} Bc5 {[%emt 0:00:39]} 65. Rd7+ {[%emt 0:00:04]} Kc6 {[%emt 0:00:06]} 66. Rd3 {[%emt 0:00:01]} Kb5 {[%emt 0:00:12]} 67. Rh3 1/2-1/2